Statistics for Rocky Fights

Click here to take the quiz!

General Stats

  • This quiz has been taken 258 times
  • The average score is 6 of 8

Answer Stats

MovieResult #1Result #2Answer% Correct
Rocky ILossApollo Creed
100%
Rocky IIWinApollo Creed
94%
Rocky IVLoss (Apollo)WinIvan Drago
91%
Rocky IIILossWinJames "Clubber" Lang
89%
Rocky III (end scene)LossApollo Creed
82%
Rocky VWinTommy Gunn
70%
Rocky BalboaLossMason Dixon
53%
CreedLoss"Pretty" Ricky Conlan
27%

Score Distribution

Percentile by Number Answered

Percent of People with Each Score

Your Score History

You have not taken this quiz